| 000 | 01796cam a2200433 i 4500 | ||
|---|---|---|---|
| 999 |
_c60420 _d60420 |
||
| 001 | 19046443 | ||
| 005 | 20230714105247.0 | ||
| 008 | 160407s2017 dcu b 001 0 eng | ||
| 010 | _a 2016009029 | ||
| 020 | _a9781433823060 (hbk.) X | ||
| 020 | _a1433823063 | ||
| 040 |
_aDLC _beng _cDLC _erda _dDLC |
||
| 042 | _apcc | ||
| 050 | 0 | 0 |
_aRC451.4.G39 _bH365 2017 |
| 080 | _a615.851(075.8) H-22 | ||
| 245 | 0 | 0 |
_aHandbook of sexual orientation and gender diversity in counseling and psychotherapy / _cedited by Kurt A. DeBord, Ann R. Fischer, Kathleen J. Bieschke, Ruperto M. Perez. |
| 250 | _aFirst edition. | ||
| 264 | 1 |
_aWashington, DC : _bAmerican Psychological Association, _c[2017] |
|
| 300 |
_axiv, 468 pages ; _c26 cm |
||
| 336 |
_atext _2rdacontent |
||
| 337 |
_aunmediated _2rdamedia |
||
| 338 |
_avolume _2rdacarrier |
||
| 504 | _aIncludes bibliographical references and index. | ||
| 650 | 0 |
_aTransgender people _xMental health. _919318 |
|
| 650 | 0 |
_aTransgender people _xCounseling of. _919319 |
|
| 650 | 0 |
_aSexual minorities _xMental health. _919320 |
|
| 650 | 0 |
_aSexual minorities _xCounseling of. _919321 |
|
| 650 | 0 |
_aSexual orientation _xPsychological aspects. _919322 |
|
| 650 | 0 |
_aSex role _xPsychological aspects. _919323 |
|
| 650 | 0 |
_aPsychotherapy. _99627 |
|
| 650 | 0 |
_aCultural psychiatry. _919324 |
|
| 700 | 1 |
_aDeBord, Kurt A., _eeditor. _919325 |
|
| 700 | 1 |
_aFischer, Ann R., _eeditor. _919326 |
|
| 700 | 1 |
_aBieschke, Kathleen J., _eeditor. _919327 |
|
| 700 | 1 |
_aPerez, Ruperto M., _eeditor. _919328 |
|
| 906 |
_a7 _bcbc _corignew _d1 _eecip _f20 _gy-gencatlg |
||
| 942 |
_2udc _cBK |
||
| 955 |
_brm15 2016-04-07 _irm15 2016-04-07 (telework) _arm15 2016-04-07 to Dewey _arm15 2016-04-19 (CIP chg. req.) _axn05 2016-11-02 1 copy rec'd., to CIP ver. _arl00 2016-11-07 to SMA |
||